تخطي إلى المحتوى

Культурология: теория и история культуры учебник для студентов, магистрантов и аспирантов технических специальностей

Данный учебник содержит изложение основного теоретического и историко-культурного материала по дисциплине «Культурология» в соответствии с требованиями Государственного образовательного стандарта высшего профессионального образования. Структурно он разделен на два раздела: теория культуры и история...

وصف كامل

محفوظ في:
التفاصيل البيبلوغرافية
التنسيق: Книга
اللغة:Russian
منشور في: Новосибирск НГТУ 2019
الطبعة:3-е изд.
الوصول للمادة أونلاين:https://e.lanbook.com/book/152292
https://e.lanbook.com/img/cover/book/152292.jpg
الوسوم: إضافة وسم
لا توجد وسوم, كن أول من يضع وسما على هذه التسجيلة!
LEADER 02772nam0a2200253 i 4500
001 152292
003 RuSpLAN
005 20221220174103.0
008 221220s2019 ru gs 000 0 rus
020 |a 978-5-7782-3824-4 
040 |a RuSpLAN 
041 0 |a rus 
044 |a ru 
084 |a 71.0я73  |2 rubbk 
245 0 0 |a Культурология: теория и история культуры  |b учебник для студентов, магистрантов и аспирантов технических специальностей 
250 |a 3-е изд. 
260 |a Новосибирск  |b НГТУ  |c 2019 
300 |a 282 с. 
504 |a Библиогр.: доступна в карточке книги, на сайте ЭБС Лань 
520 8 |a Данный учебник содержит изложение основного теоретического и историко-культурного материала по дисциплине «Культурология» в соответствии с требованиями Государственного образовательного стандарта высшего профессионального образования. Структурно он разделен на два раздела: теория культуры и история культуры. В каждом из разделов в доступной форме освещаются и объясняются основные научные факты, проблемы и термины соответствующей культурологической темы. Наряду с лекционным материалом в учебнике даны вопросы для самоконтроля, включены контролирующие материалы к каждой теме курса, список литературы и краткий культурологический словарь, призванный помочь студентам в овладении понятийным аппаратом учебной дисциплины. В конце книге помещены предметный и именной указатели. Утверждено Редакционно-издательским советом университета в качестве учебника для студентов, магистрантов и аспирантов технических специальностей. 
521 8 |a Книга из коллекции НГТУ - Социально-гуманитарные науки 
856 4 |u https://e.lanbook.com/book/152292 
856 4 8 |u https://e.lanbook.com/img/cover/book/152292.jpg 
953 |a https://e.lanbook.com/img/cover/book/152292.jpg